000 00444nam a2200169 i 4500
001 bg
100 1 _aBRONOWSKI, Jacob
_d(1908-1977)
245 0 _aŹródła wiedzy i wyobraźni /
_cJ. Bronowski.
260 _aWarszawa,
_c1984.
490 1 _aBiblioteka Myśli Współczesnej
830 _aBiblioteka Myśli Współczesnej
040 _cBPK
041 _apol
080 _a165:001
942 _cKS
008 s pl f |000 0 pol
999 _c1020
_d1020
856 _uhttp://koha.tu.koszalin.pl/cgi-bin/koha/opac-detail.pl?biblionumber=1020
_yKatalog online BPK